000
00351nam a22001337a 4500
999
_c
529408
_d
529408
020
_a
1902343158
_q
Hard Cover.
082
_a
658.4039
100
_a
NCC
245
_a
Business Systems Development and Implementation /
_c
NCC
260
_a
Manchester.
300
_a
264 p. :
942
_2
ddc
_c
BK